|
|
|
|
| LEADER |
01679nam a22003974a 4500 |
| 001 |
38178 |
| 003 |
BD-DhAAL |
| 005 |
20220327101439.0 |
| 008 |
220327t2007 bg a bl 000 0 eng d |
| 999 |
|
|
|c 43883
|d 43883
|
| 010 |
|
|
|a 2007394908
|
| 025 |
|
|
|a B-E-2007-394908; 24
|
| 037 |
|
|
|b Library of Congress -- New Delhi Overseas Office
|
| 040 |
|
|
|a DLC
|c DLC
|d DLC
|d BD-DhAAL
|
| 042 |
|
|
|a lcode
|
| 043 |
|
|
|a a-bg---
|a a-ii---
|a a-pk---
|
| 050 |
0 |
0 |
|a KNC982.W66
|b F57 2007
|
| 082 |
|
|
|a 362.8808295492
|2 22
|
| 100 |
1 |
|
|a Firoze, Fawzia Karim.
|9 47416
|
| 245 |
1 |
0 |
|a Landmark judgements on violence against women of Bangladesh, India, and Pakistan /
|c a study by Fawzia Karim Firoze ; coordinated by Rina Roy ; Fayazuddin Ahmad, editor ; reviewed and foreword by Mohammad Gholam Rabbani.
|
| 246 |
3 |
0 |
|a Violence against women
|
| 250 |
|
|
|a First edition
|
| 260 |
|
|
|a Dhaka :
|b Manusher Janno Foundation,
|c 2007.
|
| 300 |
|
|
|a ix, 411 pages :
|b illustrations ;
|c 25 cm.
|
| 504 |
|
|
|a Includes bibliographical references (page 410).
|
| 541 |
|
|
|a Donated By Akbar Ali Khan
|e 38178
|
| 650 |
|
0 |
|a Women
|x Crimes against
|z Bangladesh.
|9 47417
|
| 650 |
|
0 |
|a Women
|x Crimes against
|z India.
|9 47418
|
| 650 |
|
0 |
|a Women
|x Crimes against
|z Pakistan.
|9 47419
|
| 650 |
|
0 |
|a Rape
|z South Asia
|v Cases.
|9 47420
|
| 700 |
1 |
|
|a Roy, Rina.
|9 47421
|
| 700 |
1 |
|
|a Ahmad, Fayazuddin.
|9 47422
|
| 700 |
1 |
|
|a Rabbani, Mohammad Gholam.
|9 47423
|
| 852 |
|
|
|a Ayesha Abed Library
|c Akbar Ali Khan Collection
|
| 942 |
|
|
|2 ddc
|c BK
|
| 952 |
|
|
|0 0
|1 0
|2 ddc
|4 0
|6 362_880829549200000_FIR
|7 1
|9 70278
|a BRACUL
|b BRACUL
|c AAKC
|d 2022-03-27
|e Donated by Akbar Ali Khan
|l 0
|o 362.8808295492 FIR
|p 3010038178
|r 2022-03-27
|t 1
|w 2022-03-27
|y BK
|